| 000 | 00500nam a22001337a 4500 | ||
|---|---|---|---|
| 003 | SGT | ||
| 020 | _a8170770319 | ||
| 082 |
_a200 _bM06M |
||
| 100 | _aमुखोपाध्याय, श्री बाबू देवेन्द्रनाथ | ||
| 245 | _aमहर्षि दयानन्द सरस्वती का जीवन चरित्र | ||
| 260 |
_bविजयकुमार गोविंदराम हसानंद _c2006 |
||
| 300 | _a694 | ||
| 942 |
_2ddc _cBK |
||
| 999 |
_c31793 _d31793 |
||